Coéquipiers d'Ousmane Dembélé - Mort Subite - Statistiques

Statistiques générales
  • Ce quiz a été pris 411 fois
  • Le résultat moyen est 4 sur 24
Answers on the Grid
Answers color-coded by a green-red scale on the quiz's grid according to % correct below.
Neymar Jr.
Lionel Messi
Kylian Mbappé
Benjamin André
Adrien Rabiot
Yoann Gourcuff
Marco Reus
Marc Bartra
Mario Götze
Pierre-Emerick Aubameyang
Andrés Iniesta
Mats Hummels
Marco Verratti
Robert Lewandowski
Romain Alessandrini
Wahbi Khazri
Hatem Ben Arfa
Jadon Sancho
Erling Haaland
Cristiano Ronaldo
Bradley Barcola
Lamine Yamal
Raphaël Guerreiro
Philippe Coutinho
Antoine Griezmann
Jules Koundé
Sergio Ramos
Pedri
Memphis Depay
Angel Di Maria
Benoît Costil
Olivier Giroud
Jérémie Boga
Steve Mandanda
Hugo Lloris
Xavi
Dani Alves
Gerard Piqué
Paul-Georges Ntep
Nuno Mendes
 
Statistiques - réponses
Réponse % Correct
Bradley Barcola
35%
Kylian Mbappé
35%
Nuno Mendes
34%
Lionel Messi
30%
Antoine Griezmann
28%
Jules Koundé
28%
Pedri
25%
Pierre-Emerick Aubameyang
23%
Philippe Coutinho
21%
Gerard Piqué
20%
Marco Reus
19%
Robert Lewandowski
14%
Lamine Yamal
13%
Andrés Iniesta
12%
Dani Alves
12%
Raphaël Guerreiro
12%
Benoît Costil
11%
Memphis Depay
11%
Marc Bartra
9%
Paul-Georges Ntep
7%
Benjamin André
6%
Mario Götze
6%
Jérémie Boga
3%
Yoann Gourcuff
3%
Aucun quiz correspondant
Distribution des résultats
% des personnes avec chaque résultat
Percentile par nombre de réponses
Votre historique - résultats
Vous n’avez pas pris ce quiz